| 000 | 00636nam a22002057a 4500 | ||
|---|---|---|---|
| 003 | OSt | ||
| 005 | 20251104081510.0 | ||
| 008 | 251104b |||||||| |||| 00| 0 eng d | ||
| 020 | _a0-07-845450-6. | ||
| 040 |
_aDWCL-Main lib _cOC |
||
| 082 |
_25th ed. _aCirc. 004.21 N887p 2003 |
||
| 100 | _aNorton, Peter | ||
| 245 |
_aPeter Norton's essential concepts 5th ed. _cNorton, Peter |
||
| 260 |
_aN. Y. : _bGlencoe/McGraw-Hill, _cc2003. |
||
| 300 |
_axvi, 276 pages : _bcolored illustration ; _c28 cm. |
||
| 504 | _aIncludes index. | ||
| 650 | _21. Computer software. | ||
| 650 | _22. Computers. | ||
| 942 |
_2ddc _cBK-CIRC _e5th ed. _kCirc. _n0 |
||
| 999 |
_c5434 _d5434 |
||